Fundamentals of Writing for Marketing and Public Relations A Step-by-Step Guide for Quick and Effective Results

Ebook from IG Library ; This book contains the basic elements necessary for an individual with little marketing or public relations experience to write promotional materials including the news release, newsletter, brochure, web copy, and blog. Students studying business, marketing, public relations...

Szczegółowa specyfikacja

Zapisane w:
Opis bibliograficzny
1. autor: Mizrahi, Janet
Format: Książka
Język:Undetermined
Wydane: Business Expert Press 2010
Hasła przedmiotowe:
Dostęp online:http://lrc.tdmu.edu.vn/opac/search/detail.asp?aID=2&ID=38202
Etykiety: Dodaj etykietę
Nie ma etykietki, Dołącz pierwszą etykiete!
Thư viện lưu trữ: Trung tâm Học liệu Trường Đại học Thủ Dầu Một
LEADER 01569nam a2200193Ia 4500
001 TDMU_38202
008 210410s9999 xx 000 0 und d
082 |a 808.4 
100 |a Mizrahi, Janet 
245 0 |a Fundamentals of Writing for Marketing and Public Relations 
245 2 |b A Step-by-Step Guide for Quick and Effective Results 
245 0 |c Janet Mizrahi 
260 |b Business Expert Press 
260 |c 2010 
300 |a 109Pages 
520 |a Ebook from IG Library ; This book contains the basic elements necessary for an individual with little marketing or public relations experience to write promotional materials including the news release, newsletter, brochure, web copy, and blog. Students studying business, marketing, public relations or communication as well as small business owners and entrepreneurs will find this easy-to-use, practical guide vital to their efforts to promote and inform various publics about their organization. Written by two seasoned professionals, A Guide to Writing Marketing and Public Relations Materials provides an overview of marketing writing style as well as step-by-step guides to the most commonly used marketing and PR genres that will make even the most timid writers confident that they have represented their organization's message in a concise, coherent and professional manner. 
650 |a Corporate Communication; Quan hệ công chúng; Truyền thông 
856 |u http://lrc.tdmu.edu.vn/opac/search/detail.asp?aID=2&ID=38202 
980 |a Trung tâm Học liệu Trường Đại học Thủ Dầu Một